[Event "IECC O email"]
[Site "IECC email"]
[Date "1999.03.13"]
[Round "?"]
[White "Ryan, Steve"]
[Black "Salinas, Santiago"]
[Result "1/2-1/2"]
[WhiteElo "1485"]
[BlackElo "1417"]
[PlyCount "50"]
[EventDate "1999.??.??"]
[EventType "tourn (corr)"]
[EventRounds "6"]
[SourceTitle "Corr 2008"]
[Source "ChessBase"]
[SourceDate "2008.06.24"]
[SourceVersion "1"]
[SourceVersionDate "2008.06.24"]
[SourceQuality "1"]

1. Nf3 d5 2. g3 c5 3. Bg2 Nc6 4. 0-0 e5 5. d3 Nf6 6. e4 d4 7. c3 Be7 8. Nbd2 dxc3 9. Nc4 Ng4 10. bxc3 b5 11. Ne3 0-0 12. h3 Nf6 13. Bb2 Rb8 14. Qc2 b4 15. c4 Nd4 16. Nxd4 exd4 17. e5 dxe3 18. exf6 Bxf6 19. fxe3 Bxb2 20. Qxb2 Qxd3 21. Qb3 Qd6 22. Kh2 Be6 23. Rad1 Qe5 24. Bd5 Qh5 25. Bg2 Qe2 1/2-1/2